Género y poder : exploraciones situadas en el sistema colonial-moderno /

Bibliographic Details
Other Authors: Vargas Monroy, Liliana (Editor), Pujal i Llombart, Margot, 1964- (Editor)
Format: Electronic eBook
Language:Spanish
Published: Bogotá, D.C. : Editorial Pontificia Universidad Javeriana, [2023]
Edition:Primera edición.
Series:Colección Intervenciones en estudios culturales.
Subjects:
Online Access:Digitalia Hispánica

MARC

LEADER 00000nam a2200000 i 4500
001 DIGEPUJ0435
003 NyNyDIG
007 cr |||||||||||
008 240112s2023 ck ao ob 000 0 spa d
006 m o d
035 |a (OCoLC)1415892424 
040 |a DGITA  |b eng  |e rda  |e pn  |c DGITA 
020 |a 9789587818239  |q (digital) 
020 |z 9789587818222  |q (impreso) 
024 7 |a 10.11144/Javeriana.9789587818239  |2 doi 
050 1 4 |a HQ1190 ebook 
245 0 0 |a Género y poder :  |b exploraciones situadas en el sistema colonial-moderno /  |c Liliana Vargas-Monroy, Margot Pujal i Llombart, editoras académicas. 
250 |a Primera edición. 
264 1 |a Bogotá, D.C. :  |b Editorial Pontificia Universidad Javeriana,  |c [2023] 
300 |a 1 online resource :  |b illustrations, photographs. 
336 |a text  |b txt  |2 rdacontent 
337 |a computer  |b c  |2 rdamedia 
338 |a online resource  |b cr  |2 rdacarrier 
347 |a text file  |2 rdaft 
347 |b EPUB 
490 1 |a Intervenciones en estudios culturales 
504 |a Includes bibliographical references. 
588 0 |a Online resource; title from ePub title page (Digitalia, viewed January 12, 2024) 
650 0 |a Feminism. 
650 0 |a Power (Social sciences) 
650 0 |a Sex discrimination against women. 
700 1 |a Vargas Monroy, Liliana,  |e editor. 
700 1 |a Pujal i Llombart, Margot,  |d 1964-  |e editor. 
791 2 |a Digitalia (Firm),  |e distributor. 
793 0 |g Digitalia eBook Collection:  |a Pontificia Universidad Javeriana 
776 0 8 |i Print version:  |t Género y poder.  |b Primera edición.  |d Bogotá, D.C. : Editorial Pontificia Universidad Javeriana, [2023]  |z 9789587818222 
830 0 |a Colección Intervenciones en estudios culturales. 
856 4 0 |3 Digitalia Hispánica  |u https://www.digitaliapublishing.com/a/133215/ 
910 |a Premium collection: 2024